[Event "ODJM B 2015"]
[Site "Willingen GER"]
[Date "2015.05.26"]
[Round "4"]
[White "Ning, Felix"]
[Black "Lommel, Hagen"]
[Result "0-1"]
[Termination "normal"]
[Board "6"]
[WhiteElo "1507"]
[BlackElo "1561"]
[WhiteClock "00:23:32"]
[BlackClock "00:10:59"]
[PlyCount "74"]
[WhiteFideId "12988553"]
[BlackFideId "12972380"]
[EventCountry "GER"]
[EventRounds "9"]
[EventType "swiss"]
[EventDate "2015.05.23"]

1. d4 f5 2. c4 g6 3. Nc3 Nf6 4. b3 Bg7 5. Bb2 O-O 6. e3 d6 7. Nf3 c6 8. Bd3 Na6
9. a3 Qe8 10. Ne2 Bd7 11. Qc2 e6 12. h3 b5 13. Nh2 e5 14. dxe5 dxe5 15. Nc3 e4
16. Be2 Nc7 17. g4 Qe7 18. O-O-O a5 19. g5 Nfe8 20. h4 Nd6 21. Qd2 b4 22. Nb1
Bxb2+ 23. Kxb2 Qe5+ 24. Ka2 bxa3 25. Nxa3 Nce8 26. f4 Qg7 27. c5 a4 28. cxd6
axb3+ 29. Kxb3 Be6+ 30. Nc4 Qb7+ 31. Qb4 Qa7 32. Kc2 Qa2+ 33. Kc1 Qxe2 34. Na5
Qxe3+ 35. Rd2 c5 36. Qa4 Qc3+ 37. Rc2 Qxa5 0-1

[Event "ODJM B 2015"]
[Site "Willingen GER"]
[Date "2015.05.26"]
[Round "4"]
[White "Petri, Ben-Luca"]
[Black "Pahl, Theis"]
[Result "1/2-1/2"]
[Termination "normal"]
[Board "7"]
[WhiteElo "1481"]
[BlackElo "1570"]
[PlyCount "48"]
[WhiteFideId "12947261"]
[BlackFideId "16201264"]
[EventCountry "GER"]
[EventRounds "9"]
[EventType "swiss"]
[EventDate "2015.05.23"]

1. e3 d5 2. d4 c5 3. Nf3 Bg4 4. h3 Bxf3 5. Qxf3 cxd4 6. exd4 Nc6 7. c3 Nf6 8.
Bd3 e6 9. Bf4 Bd6 10. Nd2 O-O 11. O-O h6 12. Bxd6 Qxd6 13. Rac1 Rac8 14. Rfe1
Rc7 15. Nb3 b6 16. Rc2 Rfc8 17. Ba6 Nb4 18. Bxc8 Nxc2 19. Re2 Rxc8 20. Rxc2 Ne4
21. Nd2 Nxd2 22. Rxd2 b5 23. a3 Qc6 24. Qd3 a6 1/2-1/2

[Event "ODJM B 2015"]
[Site "Willingen GER"]
[Date "2015.05.26"]
[Round "4"]
[White "Bilau, Max"]
[Black "Schulze, Lukas"]
[Result "1-0"]
[Termination "normal"]
[Board "8"]
[WhiteElo "1640"]
[BlackElo "1252"]
[PlyCount "149"]
[WhiteFideId "12974838"]
[BlackFideId "12956856"]
[EventCountry "GER"]
[EventRounds "9"]
[EventType "swiss"]
[EventDate "2015.05.23"]

1. d4 d5 2. Bf4 c5 3. e3 Nc6 4. Nf3 Bg4 5. c3 Nf6 6. h3 Bxf3 7. Qxf3 e6 8. Bg5
cxd4 9. Bxf6 Qxf6 10. Qxf6 gxf6 11. exd4 e5 12. dxe5 fxe5 13. Nd2 Rg8 14. O-O-O
Rc8 15. Kb1 Bc5 16. f3 d4 17. cxd4 Bxd4 18. Ne4 Rg6 19. g4 Rd8 20. h4 Be3 21.
Bb5 a6 22. h5 Rxd1+ 23. Rxd1 Rh6 24. g5 Rxh5 25. Nf6+ Kf8 26. Bxc6 Rh3 27. Bxb7
Bxg5 28. Nd7+ Ke8 29. Nxe5 Bf6 30. Ng4 Bg7 31. Rf1 h5 32. Ne3 Rh2 33. Nc4 Rh4
34. b3 Rf4 35. Bxa6 Rf6 36. Bb7 h4 37. Rh1 Rh6 38. Bc8 Rh5 39. Bg4 Rh6 40. Ne3
Bf6 41. a4 Bc3 42. Nf5 Rh8 43. Rxh4 Rxh4 44. Nxh4 Ke7 45. Kc2 Ba5 46. Kd3 Kd6
47. Kc4 Kc6 48. b4 Bb6 49. a5 Ba7 50. Nf5 Kc7 51. Nd4 Kb7 52. Nf5 Kc7 53. b5
Kb7 54. Nd6+ Kb8 55. b6 Bxb6 56. axb6 f5 57. Nxf5 Kb7 58. Kd5 Kb8 59. Ke6 Kb7
60. Nh4 Kxb6 61. f4 Kc7 62. Ke7 Kc6 63. f5 Kb7 64. f6 Ka8 65. f7 Kb7 66. f8=Q
Kc6 67. Qd8 Kc5 68. Qd7 Kc4 69. Qd6 Kc3 70. Qd5 Kc2 71. Qd4 Kc1 72. Qd3 Kb2 73.
Qc4 Ka1 74. Qb5 Ka2 75. Kd6 1-0

[Event "ODJM B 2015"]
[Site "Willingen GER"]
[Date "2015.05.26"]
[Round "4"]
[White "Nimptsch, Nikolas"]
[Black "Von Jan, Lena"]
[Result "0-1"]
[Termination "normal"]
[Board "9"]
[WhiteElo "1302"]
[BlackElo "1364"]
[PlyCount "106"]
[WhiteFideId "16245334"]
[BlackFideId "12946060"]
[EventCountry "GER"]
[EventRounds "9"]
[EventType "swiss"]
[EventDate "2015.05.23"]

1. e4 e5 2. Nf3 Nc6 3. Bb5 a6 4. Bxc6 dxc6 5. O-O Bd6 6. d4 Bg4 7. dxe5 Bxf3 8.
Qxf3 Bxe5 9. Nd2 Nf6 10. Nc4 Qd4 11. Nxe5 Qxe5 12. Qf4 Qxf4 13. Bxf4 Rc8 14.
Be5 O-O 15. Bxf6 gxf6 16. Rad1 Rcd8 17. Rd3 Rxd3 18. cxd3 Rd8 19. Rd1 c5 20. f4
Rd4 21. Kf2 f5 22. Ke2 fxe4 23. dxe4 Rxe4+ 24. Kf3 Rd4 25. Re1 Rd2 26. Re2 Rxe2
27. Kxe2 Kg7 28. Ke3 f5 29. h3 c6 30. g4 Kg6 31. b3 h6 32. Kd3 b5 33. a3 a5 34.
a4 Kf6 35. Kd2 Kg6 36. Kd3 fxg4 37. hxg4 h5 38. gxh5+ Kxh5 39. Ke4 Kg6 40. Ke5
Kf7 41. f5 b4 42. Ke4 Kf6 43. Kd3 Kxf5 44. Kc4 Ke4 45. Kxc5 Kd3 46. Kxc6 Kc3
47. Kb5 Kxb3 48. Kxa5 Kc3 49. Kb5 b3 50. a5 b2 51. Kb6 b1=Q+ 52. Ka7 Kb4 53. a6
Ka5 0-1

[Event "ODJM B 2015"]
[Site "Willingen GER"]
[Date "2015.05.26"]
[Round "4"]
[White "Kose, Robert Paul"]
[Black "Kotyk, Michael"]
[Result "1-0"]
[Termination "normal"]
[Board "10"]
[WhiteElo "1453"]
[BlackElo "1296"]
[PlyCount "118"]
[WhiteFideId "12982067"]
[BlackFideId "16214501"]
[EventCountry "GER"]
[EventRounds "9"]
[EventType "swiss"]
[EventDate "2015.05.23"]

1. e4 e5 2. Nf3 Nc6 3. d4 exd4 4. Bc4 Nge7 5. Nxd4 d5 6. exd5 Nxd5 7. Nxc6 bxc6
8. O-O Bd6 9. Qf3 Qh4 10. Qe2+ Kf8 11. g3 Qf6 12. Nd2 Bh3 13. Re1 Bb4 14. c3
Ba5 15. Ne4 Qg6 16. Nc5 f5 17. Ne6+ Kf7 18. Nf4 Qd6 19. Nxh3 Rae8 20. Qd1 h6
21. Nf4 Rxe1+ 22. Qxe1 g5 23. Nxd5 cxd5 24. Bb3 Kg6 25. Be3 c5 26. Rd1 c4 27.
Bc2 a6 28. g4 Bc7 29. Bxf5+ Kf6 30. Bd4+ Kf7 31. Qe6+ Qxe6 32. Bxe6+ Kxe6 33.
Bxh8 Bf4 34. Bd4 Kf7 35. f3 Bd6 36. h3 Bf4 37. Re1 Bd6 38. Be5 Bc5+ 39. Kg2 Bf8
40. Kg3 Bc5 41. Re2 Bf8 42. f4 Be7 43. f5 a5 44. Rd2 a4 45. Rxd5 a3 46. bxa3
Bxa3 47. Rd7+ Ke8 48. Rh7 Bf8 49. f6 Kd8 50. Rh8 Ke8 51. Bd6 h5 52. Rxf8+ Kd7
53. Bb4 h4+ 54. Kf3 Ke6 55. Ke4 Kd7 56. Ke5 Kc7 57. Ke6 Kb7 58. Rh8 Kc7 59. f7
Kc6 1-0

[Event "ODJM B 2015"]
[Site "Willingen GER"]
[Date "2015.05.26"]
[Round "4"]
[White "Wu, Erik"]
[Black "Feil, Alexander"]
[Result "0-1"]
[Termination "normal"]
[Board "11"]
[WhiteElo "1441"]
[BlackElo "1378"]
[PlyCount "68"]
[WhiteFideId "12977489"]
[BlackFideId "4002954"]
[EventCountry "GER"]
[EventRounds "9"]
[EventType "swiss"]
[EventDate "2015.05.23"]

1. e4 e5 2. Nf3 Nf6 3. Nc3 Nc6 4. d4 exd4 5. Nxd4 Bb4 6. Bc4 Nxe4 7. O-O Bxc3
8. bxc3 O-O 9. Nf5 d5 10. Qg4 g6 11. Nh6+ Kg7 12. Qf3 Re8 13. Nxf7 Qd7 14. Bh6+
Kg8 15. Qd3 dxc4 16. Qxd7 Bxd7 17. Ng5 Nxc3 18. Nf3 Bg4 19. Nd2 Be2 20. Rfe1
Nb4 21. Rec1 Nbxa2 22. Re1 Nb4 23. Ra3 Nxc2 24. Rxe2 Nxe2+ 25. Kf1 Nxa3 26. Be3
Nc1 27. Ke1 c3 28. Nf3 c2 29. Kd2 Nb3+ 30. Kc3 Rxe3+ 31. fxe3 c1=Q+ 32. Kxb3
Qxe3+ 33. Kb4 a5+ 34. Ka4 b5# 0-1

[Event "ODJM B 2015"]
[Site "Willingen GER"]
[Date "2015.05.26"]
[Round "4"]
[White "Knerr, Sebastian"]
[Black "Kublanov, Carolin"]
[Result "0-1"]
[Termination "normal"]
[Board "12"]
[WhiteElo "1259"]
[BlackElo "1607"]
[PlyCount "46"]
[WhiteFideId "16266013"]
[BlackFideId "12944548"]
[EventCountry "GER"]
[EventRounds "9"]
[EventType "swiss"]
[EventDate "2015.05.23"]

1. e4 e5 2. Nf3 Nc6 3. Bb5 Bc5 4. O-O d6 5. d4 exd4 6. Nxd4 Bd7 7. Nxc6 bxc6 8.
Bc4 Nf6 9. Nc3 h6 10. Kh1 O-O 11. f4 Qe7 12. e5 dxe5 13. fxe5 Qxe5 14. Bf4 Qe7
15. Qd3 Ng4 16. Ne4 Bf5 17. Rae1 Nf2+ 18. Nxf2 Bxd3 19. Rxe7 Bxc4 20. Rfe1 Bxe7
21. Rxe7 Rfe8 22. Rxe8+ Rxe8 23. h3 Re2 0-1

[Event "ODJM B 2015"]
[Site "Willingen GER"]
[Date "2015.05.26"]
[Round "4"]
[White "Rapp, Lukas"]
[Black "Grunert, Friedrich"]
[Result "1-0"]
[Termination "normal"]
[Board "13"]
[WhiteElo "1627"]
[BlackElo "1492"]
[PlyCount "147"]
[WhiteFideId "12989320"]
[BlackFideId "12995592"]
[EventCountry "GER"]
[EventRounds "9"]
[EventType "swiss"]
[EventDate "2015.05.23"]

1. e4 e6 2. d4 d5 3. Nd2 c5 4. exd5 exd5 5. c3 Nc6 6. Ngf3 Bg4 7. Be2 Nf6 8. h3
Bh5 9. O-O Bd6 10. Ng5 Bg6 11. Nb3 c4 12. Nd2 O-O 13. b3 b5 14. a4 a6 15. Bb2
h6 16. Ngf3 Re8 17. Re1 Ne4 18. Nxe4 Bxe4 19. Nd2 Qg5 20. Nxe4 Rxe4 21. Bf3
Rxe1+ 22. Qxe1 cxb3 23. axb5 Nb8 24. Qe8+ Kh7 25. bxa6 Rxa6 26. Rxa6 Nxa6 27.
Qb5 Qg6 28. Qxb3 Qb1+ 29. Bd1 Kg8 30. Qc2 Qa2 31. Bc1 Qc4 32. Be2 Qc6 33. Bd2
Nb8 34. c4 Nd7 35. c5 Nf6 36. Qb2 Bc7 37. Qb5 Qa8 38. Qa6 Qe8 39. Kf1 Ne4 40.
Be3 Qb8 41. Qb5 Qa8 42. Kg1 Qa1+ 43. Bf1 Nc3 44. Qa6 Qxa6 45. Bxa6 Nd1 46. Bd2
Nb2 47. Bb7 Nc4 48. Bc3 Kf8 49. Bxd5 Na3 50. Kf1 Nb5 51. Bb2 Ke7 52. Ke2 f6 53.
Ke3 g5 54. g4 Bf4+ 55. Ke4 Nc7 56. Bc4 Ne6 57. Bxe6 Kxe6 58. d5+ Ke7 59. Kf5
Be5 60. Bxe5 fxe5 61. Kxe5 h5 62. d6+ Kd7 63. Kd5 h4 64. c6+ Kd8 65. Ke6 Kc8
66. d7+ Kd8 67. c7+ Kxc7 68. Ke7 Kb7 69. d8=Q Ka7 70. Qd1 Ka8 71. Qb1 Ka7 72.
Kd6 Ka6 73. Kc6 Ka5 74. Qb5# 1-0

[Event "ODJM B 2015"]
[Site "Willingen GER"]
[Date "2015.05.26"]
[Round "4"]
[White "Yi, Wendy"]
[Black "Rößl, Adam"]
[Result "1-0"]
[Termination "normal"]
[Board "14"]
[WhiteElo "1401"]
[BlackElo "1230"]
[PlyCount "107"]
[WhiteFideId "16224850"]
[BlackFideId "16246047"]
[EventCountry "GER"]
[EventRounds "9"]
[EventType "swiss"]
[EventDate "2015.05.23"]

1. e4 e5 2. Nf3 Nc6 3. Bc4 Nf6 4. d3 Bc5 5. Bg5 d6 6. h3 Be6 7. Bb3 Qd7 8. Nbd2
O-O-O 9. Qe2 d5 10. Ba4 Bd6 11. d4 h6 12. dxe5 hxg5 13. Bxc6 Qxc6 14. exd6 dxe4
15. dxc7 Qxc7 16. Nxe4 Nxe4 17. Qxe4 Rhe8 18. O-O Bxh3 19. Qa4 Be6 20. Qxa7 Rh8
21. Qa8+ Kd7 22. Rad1+ Ke7 23. Rxd8 Rxd8 24. Qa3+ Qd6 25. Qxd6+ Rxd6 26. Nxg5
Bxa2 27. b3 Rc6 28. Re1+ Kf6 29. Ne4+ Kg6 30. Re2 Re6 31. Nc3 Rxe2 32. Nxe2 Bb1
33. c3 Kf5 34. Kf1 Ke4 35. Nc1 b5 36. Ke2 f5 37. Kd2 Kd5 38. Ne2 Ke5 39. Nd4
Be4 40. f3 Bd5 41. Kc2 Kf4 42. Nxb5 Kg3 43. c4 Bc6 44. Nd4 Bd7 45. c5 Kxg2 46.
c6 Bc8 47. b4 g5 48. b5 g4 49. fxg4 fxg4 50. b6 g3 51. Ne2 Bf5+ 52. Kc3 Be4 53.
b7 Bxc6 54. b8=Q 1-0

[Event "ODJM B 2015"]
[Site "Willingen GER"]
[Date "2015.05.26"]
[Round "4"]
[White "Youness, Fatima"]
[Black "Zimmer, Claudius"]
[Result "0-1"]
[Termination "normal"]
[Board "15"]
[WhiteElo "1369"]
[BlackElo "1105"]
[PlyCount "124"]
[WhiteFideId "16214404"]
[EventCountry "GER"]
[EventRounds "9"]
[EventType "swiss"]
[EventDate "2015.05.23"]

1. e4 e5 2. Nf3 Nc6 3. d4 exd4 4. Nxd4 Bc5 5. Be3 Qf6 6. c3 Qg6 7. Nxc6 Bxe3 8.
fxe3 dxc6 9. Nd2 Nf6 10. Qc2 O-O 11. g3 Re8 12. Bd3 Qh6 13. Nf1 Bh3 14. Ke2 Bg2
15. Rg1 Bxf1+ 16. Kxf1 Qxe3 17. Re1 Qf3+ 18. Qf2 Qxd3+ 19. Qe2 Qxe2+ 20. Rxe2
Rxe4 21. Rd2 Rae8 22. Kf2 Ng4+ 23. Kf3 Nxh2+ 24. Rxh2 Re3+ 25. Kg4 R8e4+ 26.
Kh3 Re2 27. Rxe2 Rxe2 28. Rd1 Kf8 29. Rd7 Rxb2 30. Rxc7 Rxa2 31. Rxb7 Rc2 32.
Rxa7 Rxc3 33. Rc7 g5 34. Kg4 h6 35. Kh5 Kg7 36. Rc8 Rxg3 37. Rxc6 Rh3+ 38. Kg4
Rh4+ 39. Kg3 Rf4 40. Rc1 Kg6 41. Rh1 Re4 42. Kf3 Re8 43. Kg4 Rh8 44. Kf3 h5 45.
Kg3 h4+ 46. Kg4 f5+ 47. Kf3 h3 48. Kg3 g4 49. Kf4 Rf8 50. Rh2 Kh5 51. Rh1 Kh4
52. Rg1 h2 53. Rh1 Kh3 54. Rd1 g3 55. Rd7 h1=Q 56. Rh7+ Kg2 57. Rxh1 Kxh1 58.
Kxg3 f4+ 59. Kf3 Kh2 60. Kf2 f3 61. Kf1 f2 62. Ke2 f1=Q+ 0-1

[Event "ODJM B 2015"]
[Site "Willingen GER"]
[Date "2015.05.26"]
[Round "4"]
[White "Lilienthal, Niels Bennett"]
[Black "Tham, Nam"]
[Result "1/2-1/2"]
[Termination "normal"]
[Board "16"]
[WhiteElo "1246"]
[BlackElo "1547"]
[PlyCount "63"]
[WhiteFideId "16205421"]
[BlackFideId "12997331"]
[EventCountry "GER"]
[EventRounds "9"]
[EventType "swiss"]
[EventDate "2015.05.23"]

1. e4 e5 2. Nf3 Nc6 3. Bb5 a6 4. Ba4 Nf6 5. d3 b5 6. Bb3 Be7 7. c3 O-O 8. Nbd2
d6 9. h3 h6 10. Nf1 Be6 11. Ng3 Qd7 12. O-O Rad8 13. d4 exd4 14. cxd4 Bxb3 15.
Qxb3 d5 16. e5 Ne4 17. Ne2 Na5 18. Qc2 Nc4 19. b3 Nb6 20. Nc3 Nxc3 21. Qxc3 Rc8
22. Be3 a5 23. Qxa5 b4 24. Qa6 Ra8 25. Qd3 Ra7 26. Rfc1 Rfa8 27. Rc2 Ra3 28.
Bc1 R3a7 29. Kf1 Ra6 30. Bd2 Ra3 31. Bc1 R3a7 32. Bd2 1/2-1/2

[Event "ODJM B 2015"]
[Site "Willingen GER"]
[Date "2015.05.26"]
[Round "4"]
[White "Zell, Mirjam"]
[Black "Reuker, Ronja"]
[Result "1-0"]
[Termination "normal"]
[Board "17"]
[WhiteElo "1336"]
[BlackElo "1102"]
[PlyCount "43"]
[WhiteFideId "16208544"]
[BlackFideId "12947172"]
[EventCountry "GER"]
[EventRounds "9"]
[EventType "swiss"]
[EventDate "2015.05.23"]

1. e4 e5 2. Nf3 Nc6 3. Bb5 a6 4. Ba4 Nf6 5. d3 b5 6. Bb3 Na5 7. Nxe5 Nxb3 8.
axb3 Qe7 9. Nf3 d5 10. e5 Ng4 11. d4 f6 12. h3 Nh6 13. Bxh6 gxh6 14. Nc3 Bb7
15. Ne2 fxe5 16. Nxe5 Rg8 17. Ng3 Bg7 18. Qe2 O-O-O 19. O-O Rde8 20. Rfe1 Qd6
21. Qg4+ Kd8 22. Nf7# 1-0

[Event "ODJM B 2015"]
[Site "Willingen GER"]
[Date "2015.05.26"]
[Round "4"]
[White "Leib, Amina"]
[Black "Zimmer, Luca"]
[Result "0-1"]
[Termination "normal"]
[Board "18"]
[WhiteElo "1228"]
[BlackElo "1496"]
[PlyCount "104"]
[WhiteFideId "12982970"]
[BlackFideId "12921424"]
[EventCountry "GER"]
[EventRounds "9"]
[EventType "swiss"]
[EventDate "2015.05.23"]

1. d4 e6 2. Nf3 d5 3. e3 f5 4. Bd3 Nf6 5. Nbd2 Bd6 6. O-O O-O 7. c3 Nc6 8. h3
Ne4 9. Nh2 Rf6 10. f3 Ng3 11. Rf2 Rg6 12. e4 Qh4 13. e5 Be7 14. f4 Ne4 15. Rf3
Bd7 16. Ndf1 Na5 17. Bd2 Rh6 18. Be1 Qh5 19. Bxe4 fxe4 20. Rg3 Qxd1 21. Rxd1
Rf8 22. Bd2 Nc4 23. Bc1 Rg6 24. Rxg6 hxg6 25. b3 Na3 26. Bxa3 Bxa3 27. Rb1 Rxf4
28. b4 Ba4 29. Nd2 Bc2 30. Re1 Bb2 31. Re3 Bc1 32. Nhf1 Bd3 33. Re1 Bb2 34. Nb3
Bxc3 35. Rc1 Bxb4 36. Ne3 c6 37. Nd1 Rf1+ 38. Kh2 Ba3 39. Rb1 Bxb1 40. Nc3 e3
41. g4 Bb4 42. Ne2 Rf2+ 43. Kg1 Rxe2 44. h4 Bxa2 45. Nc1 Re1+ 46. Kg2 Rxc1 47.
h5 g5 48. h6 e2 49. h7+ Kxh7 50. Kh3 e1=Q 51. Kg2 Rc2+ 52. Kh3 Qe3# 0-1

[Event "ODJM B 2015"]
[Site "Willingen GER"]
[Date "2015.05.26"]
[Round "4"]
[White "Wiemann, Daniel"]
[Black "Chalabi, Tom"]
[Result "0-1"]
[Termination "normal"]
[Board "19"]
[WhiteElo "1419"]
[BlackElo "1119"]
[PlyCount "128"]
[WhiteFideId "12942944"]
[BlackFideId "4003012"]
[EventCountry "GER"]
[EventRounds "9"]
[EventType "swiss"]
[EventDate "2015.05.23"]

1. e4 e5 2. Nf3 Nf6 3. Nc3 Nc6 4. Bc4 Bc5 5. Ng5 O-O 6. d3 h6 7. Nh3 d6 8. Ne2
Bg4 9. f3 Bxh3 10. gxh3 Qd7 11. Ng1 Bxg1 12. Rxg1 Qxh3 13. Kf2 Qxh2+ 14. Rg2
Qh4+ 15. Kg1 Ne7 16. Qd2 Kh7 17. Rh2 Qg3+ 18. Qg2 Qxg2+ 19. Kxg2 Ng6 20. Bd2
Nf4+ 21. Kf2 b5 22. Bxb5 Rab8 23. a4 c6 24. Bxc6 Rxb2 25. Bxf4 exf4 26. Rc1 Rc8
27. Bb5 Rcxc2+ 28. Rxc2 Rxc2+ 29. Kg1 Rxh2 30. Kxh2 a5 31. Bc4 Kg6 32. d4 Nd7
33. Bb5 Nb6 34. Kh3 Kg5 35. Be8 h5 36. e5 dxe5 37. dxe5 Kf5 38. Kh4 Kxe5 39.
Kxh5 Kd4 40. Kg4 Ke3 41. Bc6 Nc4 42. Bd5 Kd4 43. Be4 Ke5 44. Bd3 Kd4 45. Be4
Ke3 46. Bd5 Nd2 47. Bc6 g6 48. Bd5 f5+ 49. Kg5 Nxf3+ 50. Bxf3 Kxf3 51. Kxg6 Kg4
52. Kf6 f3 53. Ke5 f2 54. Kd5 f1=Q 55. Kc5 Qb1 56. Kc4 f4 57. Kd4 f3 58. Ke5 f2
59. Kf6 Qe1 60. Kg6 f1=R 61. Kg7 Rf5 62. Kh8 Qe6 63. Kg7 Rf7+ 64. Kg8 Qe8# 0-1

[Event "ODJM B 2015"]
[Site "Willingen GER"]
[Date "2015.05.26"]
[Round "4"]
[White "Brunner, Alexander"]
[Black "Fromm, Marius"]
[Result "0-1"]
[Termination "normal"]
[Board "20"]
[WhiteElo "840"]
[BlackElo "1328"]
[PlyCount "120"]
[WhiteFideId "12965278"]
[BlackFideId "12993190"]
[EventCountry "GER"]
[EventRounds "9"]
[EventType "swiss"]
[EventDate "2015.05.23"]

1. e4 e6 2. d4 d5 3. Nc3 Bb4 4. Qg4 Qf6 5. Be3 Ne7 6. Nf3 Nd7 7. a3 Bxc3+ 8.
bxc3 h6 9. h4 e5 10. Bd3 Rg8 11. O-O Qc6 12. Bd2 Nf6 13. Qg3 dxe4 14. Nxe5 Nf5
15. Qf4 g5 16. Nxc6 gxf4 17. Bb5 a6 18. Ba4 Bd7 19. d5 Nxd5 20. c4 Nb6 21. Ne5
Bxa4 22. Bxf4 f6 23. c5 fxe5 24. Bxe5 Nd5 25. Rad1 c6 26. Rfe1 Bxc2 27. Rd2 Bd3
28. Bd6 Nxh4 29. Rxd3 Nf3+ 30. Rxf3 Rh8 31. Rxe4+ Kd7 32. Rf7+ Kc8 33. Rf8+
Rxf8 34. Bxf8 Kd7 35. Bd6 b6 36. f4 Rg8 37. f5 Rg7 38. Be5 Rf7 39. cxb6 Nxb6
40. f6 Nd5 41. Rd4 Ke6 42. Re4 Nxf6 43. Bxf6+ Kxf6 44. Rc4 Rc7 45. Ra4 c5 46.
Rxa6+ Kg5 47. Kf1 h5 48. Rd6 h4 49. Rd2 c4 50. Rc2 Kg4 51. a4 c3 52. a5 Kg3 53.
a6 Kh2 54. a7 Rxa7 55. g3+ Kxg3 56. Rxc3+ Kg4 57. Rc4+ Kg5 58. Rc5+ Kf6 59. Rh5
Rf7 60. Rxh4 Kg5+ 0-1

[Event "ODJM B 2015"]
[Site "Willingen GER"]
[Date "2015.05.26"]
[Round "4"]
[White "Kostanyan, Hakob"]
[Black "Seliokaite, Ana"]
[Result "1/2-1/2"]
[Termination "normal"]
[Board "21"]
[WhiteElo "1532"]
[BlackElo "1085"]
[PlyCount "76"]
[WhiteFideId "12977683"]
[BlackFideId "16224817"]
[EventCountry "GER"]
[EventRounds "9"]
[EventType "swiss"]
[EventDate "2015.05.23"]

1. e4 c5 2. Nf3 Nc6 3. d4 cxd4 4. Nxd4 g6 5. Nc3 Bg7 6. Be3 Nf6 7. f3 O-O 8.
Qd2 d5 9. exd5 Nxd5 10. Nxd5 Qxd5 11. c3 Nxd4 12. Bxd4 Rd8 13. Be2 Be6 14. O-O
Bxd4+ 15. Qxd4 Qxd4+ 16. cxd4 Rxd4 17. b3 Rad8 18. Rf2 a6 19. Rff1 Bd7 20. Rad1
Bb5 21. Rxd4 Rxd4 22. Bxb5 axb5 23. Rc1 Rd7 24. Rc2 Kf8 25. h3 b6 26. Kf2 f5
27. Ke3 e5 28. Rc6 Rb7 29. Re6 Re7 30. Rxb6 e4 31. fxe4 Rxe4+ 32. Kf3 Rb4 33.
Ke3 f4+ 34. Kf3 g5 35. h4 gxh4 36. Rh6 Rd4 37. Rxh4 Kg7 38. Rxf4 Rd5 1/2-1/2

[Event "ODJM B 2015"]
[Site "Willingen GER"]
[Date "2015.05.26"]
[Round "4"]
[White "Kalina, Joshua"]
[Black "Schneider, Katharina"]
[Result "1/2-1/2"]
[Termination "normal"]
[Board "22"]
[WhiteElo "1298"]
[BlackElo "1084"]
[PlyCount "71"]
[BlackFideId "16200519"]
[EventCountry "GER"]
[EventRounds "9"]
[EventType "swiss"]
[EventDate "2015.05.23"]

1. e4 e5 2. Nf3 Nc6 3. d4 exd4 4. Nxd4 Bc5 5. Be3 Qf6 6. c3 Qg6 7. Nd2 Nf6 8.
Bd3 Qxg2 9. Rf1 Qxh2 10. N4f3 Qh5 11. Bxc5 Qxc5 12. Qe2 d6 13. O-O-O Be6 14.
Kb1 a5 15. Bb5 a4 16. Nc4 Bxc4 17. Bxc4 a3 18. b3 Ne5 19. Nxe5 dxe5 20. Rg1 Rg8
21. Rd2 c6 22. Rc1 b5 23. Bd3 Rd8 24. c4 b4 25. Rcd1 Qd4 26. Qe1 Qc3 27. Bf1
Rxd2 28. Rxd2 Nxe4 29. Qxe4 Qxd2 30. Qxe5+ Kd7 31. Bh3+ Kd8 32. Qb8+ Ke7 33.
Qe5+ Kd8 34. Qb8+ Ke7 35. Qe5+ Kd8 36. Qb8+ 1/2-1/2

[Event "ODJM B 2015"]
[Site "Willingen GER"]
[Date "2015.05.26"]
[Round "4"]
[White "Borgmann, Simon"]
[Black "Burdot, Clara"]
[Result "1-0"]
[Termination "normal"]
[Board "23"]
[WhiteElo "1289"]
[BlackElo "1046"]
[PlyCount "77"]
[WhiteFideId "16234677"]
[BlackFideId "4004779"]
[EventCountry "GER"]
[EventRounds "9"]
[EventType "swiss"]
[EventDate "2015.05.23"]

1. e4 d5 2. exd5 Qxd5 3. Nc3 Qa5 4. Nf3 Nf6 5. d4 Bf5 6. Bd2 c6 7. Ne4 Qd8 8.
Nxf6+ exf6 9. Be3 b6 10. Bd3 Bxd3 11. Qxd3 c5 12. Qe4+ Be7 13. Qxa8 cxd4 14.
Rd1 Nc6 15. Qxd8+ Bxd8 16. Nxd4 Nxd4 17. Rxd4 O-O 18. O-O Re8 19. Rfd1 Bc7 20.
Rd7 Rc8 21. Bf4 g6 22. Bxc7 Kg7 23. c3 Re8 24. Kf1 Re6 25. Bd6 a5 26. Re1 Rxe1+
27. Kxe1 b5 28. Rd8 Kh6 29. Rb8 b4 30. cxb4 axb4 31. Rxb4 f5 32. a4 g5 33. a5
f4 34. a6 Kh5 35. a7 g4 36. a8=Q f3 37. Qd5+ Kh4 38. Be7+ f6 39. Bxf6# 1-0

[Event "ODJM B 2015"]
[Site "Willingen GER"]
[Date "2015.05.26"]
[Round "4"]
[White "Straßburg, Robin"]
[Black "Blinov, Sergei"]
[Result "1-0"]
[Termination "normal"]
[Board "24"]
[WhiteElo "1028"]
[BlackElo "1242"]
[PlyCount "93"]
[WhiteFideId "16210018"]
[EventCountry "GER"]
[EventRounds "9"]
[EventType "swiss"]
[EventDate "2015.05.23"]

1. d4 d5 2. Nf3 Nf6 3. e3 g6 4. Bd3 Bg7 5. c3 O-O 6. Nbd2 Nc6 7. O-O Bd7 8. Re1
Re8 9. e4 e6 10. e5 Nh5 11. Nb3 b6 12. Be3 Ne7 13. Qd2 Ba4 14. g4 Nf6 15. exf6
Bxf6 16. Bg5 Bg7 17. Re2 Rc8 18. Rae1 c5 19. dxc5 bxc5 20. Bb1 c4 21. Nbd4 Qd7
22. h4 Nc6 23. Nxc6 Qxc6 24. Qe3 Qd7 25. h5 Rb8 26. h6 Bh8 27. Qf4 Kf8 28. Bf6
Bxf6 29. Qxf6 Qd8 30. Qg7+ Ke7 31. Rxe6+ Kd7 32. Qxf7+ Kc8 33. Rxe8 Bxe8 34.
Rxe8 Qxe8 35. Qxe8+ Kc7 36. Qxb8+ Kxb8 37. Nd4 Kc7 38. f4 Kd6 39. f5 gxf5 40.
Bxf5 Ke7 41. Bxh7 Kf7 42. Bf5 a5 43. h7 Kg7 44. Ne6+ Kh8 45. g5 d4 46. g6 dxc3
47. g7# 1-0

[Event "ODJM B 2015"]
[Site "Willingen GER"]
[Date "2015.05.26"]
[Round "4"]
[White "Bardorz, Stefan"]
[Black "Reuter, Marek"]
[Result "1/2-1/2"]
[Termination "normal"]
[Board "25"]
[WhiteElo "1241"]
[BlackElo "955"]
[PlyCount "62"]
[WhiteFideId "16245474"]
[BlackFideId "16226712"]
[EventCountry "GER"]
[EventRounds "9"]
[EventType "swiss"]
[EventDate "2015.05.23"]

1. c4 e5 2. Nc3 Nf6 3. g3 Nc6 4. Bg2 Bc5 5. d3 Ng4 6. Ne4 Bb6 7. Bh3 d6 8. e3
Nf6 9. Nc3 O-O 10. Bg2 Bf5 11. Bxc6 bxc6 12. d4 exd4 13. exd4 Re8+ 14. Be3 Qd7
15. h3 c5 16. d5 c6 17. g4 cxd5 18. cxd5 Bg6 19. Kf1 Rab8 20. Qd2 c4 21. Bxb6
Bd3+ 22. Kg2 Rxb6 23. b3 h6 24. Re1 Rxe1 25. Qxe1 cxb3 26. Qd2 bxa2 27. Nxa2
Be4+ 28. Nf3 Nxg4 29. Nc3 Bxf3+ 30. Kxf3 Ne5+ 31. Kg2 Qf5 1/2-1/2

[Event "ODJM B 2015"]
[Site "Willingen GER"]
[Date "2015.05.26"]
[Round "4"]
[White "Frank, Cillian"]
[Black "Grunert, Wilhelm"]
[Result "0-1"]
[Termination "normal"]
[Board "26"]
[WhiteElo "954"]
[BlackElo "1205"]
[PlyCount "88"]
[WhiteFideId "16245202"]
[BlackFideId "12995673"]
[EventCountry "GER"]
[EventRounds "9"]
[EventType "swiss"]
[EventDate "2015.05.23"]

1. e4 d5 2. exd5 Qxd5 3. Nc3 Qa5 4. Nf3 Bg4 5. Bc4 Nf6 6. h3 Bh5 7. d3 c6 8. a3
Nbd7 9. b4 Qc7 10. Be3 e6 11. b5 Be7 12. bxc6 Qxc6 13. Bf4 O-O 14. O-O a6 15.
a4 e5 16. Re1 Bb4 17. Bd2 Bxc3 18. Bxc3 b5 19. axb5 axb5 20. Rxa8 Rxa8 21. Bb3
Qxc3 22. g4 Bg6 23. d4 Be4 24. Re3 Qa1 25. Qxa1 Rxa1+ 26. Kg2 exd4 27. Re2 d3
28. cxd3 Bxd3 29. Re3 Bc4 30. Bc2 Rc1 31. Bf5 g6 32. Bxd7 Nxd7 33. Nd2 Rc2 34.
Ne4 b4 35. Ng3 b3 36. h4 b2 37. h5 b1=Q 38. h6 Bd5+ 39. Kh3 Rxf2 40. Re8+ Nf8
41. Kh4 Rh2+ 42. Kg5 Qc1+ 43. Kf6 Rf2+ 44. Ke7 Qc7# 0-1